Krantikari (Record no. 148358)

MARC details
000 -LEADER
fixed length control field 00526nam a2200193Ia 4500
003 - CONTROL NUMBER IDENTIFIER
control field OSt
005 - DATE AND TIME OF LATEST TRANSACTION
control field 20260306102142.0
008 - FIXED-LENGTH DATA ELEMENTS--GENERAL INFORMATION
fixed length control field 210210b1960 xxu||||| |||| 00| 0 eng d
040 ## - CATALOGING SOURCE
Transcribing agency AL
041 ## - LANGUAGE CODE
Language code of text/sound track or separate title Hindi
082 ## - DEWEY DECIMAL CLASSIFICATION NUMBER
Classification number 863/15
100 ## - MAIN ENTRY--PERSONAL NAME
Personal name BHAT (Udayashankar)
Dates associated with a name भट्ट (उदयशंकर)
9 (RLIN) 257952
245 ## - TITLE STATEMENT
Title Krantikari
Remainder of title क्रांतिकारी
260 ## - PUBLICATION, DISTRIBUTION, ETC.
Place of publication, distribution, etc. Dilli
Name of publisher, distributor, etc. Atma Ram & Sons
Date of publication, distribution, etc. 1960
650 ## - SUBJECT ADDED ENTRY--TOPICAL TERM
Topical term or geographic name entry element KrantikAri
9 (RLIN) 257953
690 ## - LOCAL SUBJECT ADDED ENTRY--TOPICAL TERM (OCLC, RLIN)
Topical term or geographic name as entry element Hindi Drama
9 (RLIN) 257954
906 ## - LOCAL DATA ELEMENT F, LDF (RLIN)
a 023391
942 ## - ADDED ENTRY ELEMENTS (KOHA)
Source of classification or shelving scheme Dewey Decimal Classification
Koha item type Book
Holdings
Withdrawn status Lost status Source of classification or shelving scheme Damaged status Not for loan Collection code Home library Current library Shelving location Date acquired Cost, normal purchase price Total Checkouts Full call number Barcode Date last seen Price effective from Koha item type
    Dewey Decimal Classification     Hindi St Aloysius Library St Aloysius Library   02/17/2021 0.00   863/15 023391 02/17/2021 02/17/2021 Book